Assessing the online learner : (Record no. 30919)

000 -LEADER
fixed length control field 01125cam a2200313 a 4500
001 - CONTROL NUMBER
control field 15403130
005 - DATE AND TIME OF LATEST TRANSACTION
control field 20210128085939.0
008 - FIXED-LENGTH DATA ELEMENTS--GENERAL INFORMATION
fixed length control field 080807s2009 caua b 001 0 eng
010 ## - LIBRARY OF CONGRESS CONTROL NUMBER
LC control number 2008034931
020 ## - INTERNATIONAL STANDARD BOOK NUMBER
International Standard Book Number 9780470283868 (pbk.)
020 ## - INTERNATIONAL STANDARD BOOK NUMBER
International Standard Book Number 0470283866 (pbk.)
035 ## - SYSTEM CONTROL NUMBER
System control number (OCoLC)ocn230181462
035 ## - SYSTEM CONTROL NUMBER
System control number (OCoLC)230181462
040 ## - CATALOGING SOURCE
Original cataloging agency DLC
Transcribing agency DLC
Modifying agency BTCTA
-- BAKER
-- YDXCP
-- C#P
-- BWX
-- YBM
-- CDX
-- IXA
-- DLC
050 00 - LIBRARY OF CONGRESS CALL NUMBER
Classification number LC 5803 .C65P34 2009
100 1# - MAIN ENTRY--PERSONAL NAME
Personal name Palloff, Rena M.,
245 10 - TITLE STATEMENT
Title Assessing the online learner :
Remainder of title resources and strategies for faculty /
Statement of responsibility, etc. Rena Palloff and Keith Pratt.
250 ## - EDITION STATEMENT
Edition statement 1st ed.
260 ## - PUBLICATION, DISTRIBUTION, ETC. (IMPRINT)
Place of publication, distribution, etc. San Francisco :
Name of publisher, distributor, etc. Jossey-Bass,
Date of publication, distribution, etc. c2009.
300 ## - PHYSICAL DESCRIPTION
Extent xviii, 153 p. :
Other physical details ill. ;
Dimensions 24 cm.
490 1# - SERIES STATEMENT
Series statement Jossey-Bass guides to online teaching and learning
504 ## - BIBLIOGRAPHY, ETC. NOTE
Bibliography, etc Includes bibliographical references (p. 143-147) and index.
650 #0 - SUBJECT ADDED ENTRY--TOPICAL TERM
Topical term or geographic name as entry element Distance education students
650 #0 - SUBJECT ADDED ENTRY--TOPICAL TERM
Topical term or geographic name as entry element College students
650 #0 - SUBJECT ADDED ENTRY--TOPICAL TERM
Topical term or geographic name as entry element Web-based instruction.
650 #0 - SUBJECT ADDED ENTRY--TOPICAL TERM
Topical term or geographic name as entry element Internet in higher education.
700 1# - ADDED ENTRY--PERSONAL NAME
Personal name Pratt, Keith,
942 ## - ADDED ENTRY ELEMENTS (KOHA)
Source of classification or shelving scheme
Koha item type Hard Covered Materials
Classification part LC 5803 .C65P34 2009
Holdings
Withdrawn status Lost status Source of classification or shelving scheme Damaged status Not for loan Home library Current library Shelving location Date acquired Source of acquisition Cost, normal purchase price Total Checkouts Full call number Barcode Date last seen Price effective from Koha item type
          MACHAKOS UNIVERSITY LIBRARY MACHAKOS UNIVERSITY LIBRARY Open shelf 28/01/2021 Donation - Rattansi Educational Trust 3577.00   LC 5803 .C65P34 2009 23483 16/02/2021 28/01/2021 Hard Covered Materials
© Machakos University Library, Along The Highway, Machakos Wote Rd, Machakos, Kenya P.O. Box 136 - 90100 Machakos - Kenya

Tel: ( +254 ) 723 805829 OR Fax : 044-20353 OR Email: library@mksu.ac.ke